• 首页
  • 本馆介绍
  • 公告通知
  • 最新文献
  • 馆藏检索
  • 电子资源
  • 读者导购
  • 参考咨询
  • 我的图书馆
  • 登录
  • 详细信息显示
  • 放入我的书架
  • 预约/预借图书
  • 作者相关作品
  • 分类相关作品
  • 丛书相关作品
  • 出版社相关作品

书目信息

  • 表格格式
  • 工作单格式
  • 卡片格式
题名:
武林奇杰韩慕侠
    
 
作者: 孙长山 著
分册:  
出版信息: 沈阳   辽沈书社  1988.11
页数: 406页
开本: 19cm
丛书名:
单 册:
中图分类: I247.5 , I246.4
科图分类:
主题词: 长篇小说--中国--现代 , 传记小说--中国--现代
电子资源:
ISBN: 7-80507-004-0
000 00712nam0 2200241 450
001 1557085030
005 20150121155207.03
010    @a7-80507-004-0@dCNY4.05
100    @a20130329d1988 m y0chiy0110 ea
101 0  @achi
102    @aCN@b210000
105    @acf z 000ad
200 1  @a武林奇杰韩慕侠@9wu lin qi jie han mu xia@f孙长山著
210    @a沈阳@c辽沈书社@d1988.11
215    @a406页@c照片@d19cm
330    @a这部长篇纪实传记小说,记述了爱国武术家韩慕侠的真实生活和坎坷经历。
606 0  @a长篇小说@y中国@z现代
606 0  @a传记小说@y中国@z现代
690    @aI247.5@v1980
690    @aI246.4@v4
701  0 @a孙长山@9sun chang shan@4著
801  0 @aCN@bTSSF@c20150121
905    @aZUCC@dI246.4@eJY2
    
    武林奇杰韩慕侠/孙长山著.-沈阳:辽沈书社,1988.11
    406页:照片;19cm
    
    
    ISBN 7-80507-004-0:CNY4.05
    这部长篇纪实传记小说,记述了爱国武术家韩慕侠的真实生活和坎坷经历。
●
相关链接 在E读中查询图书 在五车中查询图书 在当当中查询图书 在豆瓣中查询图书


正题名:武林奇杰韩慕侠     索取号:I246.4/JY2         预约/预借

序号 登录号 条形码 馆藏地/架位号 状态 备注
1 7856917   278569176   学院路分馆/ [索取号:I246.4/JY2] 在馆    
2 7856918   278569185   学院路分馆/ [索取号:I246.4/JY2] 在馆    
3 7856919   278569194   学院路分馆/ [索取号:I246.4/JY2] 在馆    
唐山师范学院图书馆 欢迎您!
大连网信软件有限公司© 版权所有